Loading...
| Literature - American Literature | 0 | 2 | 0 | 0 | 20 | 102 | 115.00 | 1 | 1 |
| Fine Arts - Other Arts | 0 | 2 | 0 | 0 | 20 | 102 | 113.50 | 1 | 2 |
| Science - Other Science | 0 | 2 | 0 | 1 | 20 | 124 | 126.00 | 0 | 1 |
| Beliefs | 0 | 2 | 0 | 0 | 20 | 116 | 118.00 | 1 | 2 |
| Literature - European Literature | 0 | 1 | 0 | 0 | 10 | 150 | 150.00 | 1 | 1 |
| Literature - British Literature | 0 | 1 | 0 | 0 | 10 | 133 | 133.00 | 0 | 1 |
| Philosophy | 0 | 1 | 0 | 0 | 10 | 123 | 123.00 | 0 | 0 |
| Science - Biology | 0 | 1 | 0 | 0 | 10 | 122 | 122.00 | 0 | 1 |
| Social Science | 0 | 1 | 0 | 0 | 10 | 117 | 117.00 | 0 | 1 |
| Visual Arts | 0 | 1 | 1 | 0 | 5 | 130 | 130.00 | 0 | 1 |
| History - Ancient History | 0 | 0 | 0 | 0 | 0 | 0.00 | 0 | 0 | |
| History - American History | 0 | 0 | 0 | 0 | 0 | 0.00 | 0 | 0 |